Statistics for literature with numbers in the title

Click here to take the quiz!

General Stats

  • This quiz has been taken 59 times
  • The average score is 13 of 15

Answer Stats

titletypewriteryearnumber% Correct
___ Flew Over the Cuckoo's NestnovelKen Kesey1975One
100%
The _____ MusketeersnovelAlexander Dumas1844Three
100%
___ Gentlemen of VeronaplayWilliam Shakespearec.1593Two
100%
Slaughterhouse-____novelKurt Vonnegut1969Five
98%
And Then There Were ____novelAgatha Christie1939None
98%
__ Angry MenplayReginald Rose195412
95%
The First ____ YearsnovelLaura Ingalls Wilder1971Four
95%
Catch-__novelJoseph Heller196122
89%
________ ______-____novelGeorge Orwell1949Nineteen Eighty-Four
88%
___ _______ Years of SolitudenovelGabriel Garcia Marquez1967One Hundred
86%
Fahrenheit ___novelRay Bradbury1953451
75%
______ ________ Leagues Under the SeanovelJules Verne1870Twenty Thousand
75%
_______ NightplayWilliam Shakespearec.1601Twelfth
72%
The ______ ComingpoemW. B. Yeats1920Second
58%
The Crying of Lot __novellaThomas Pynchon196649
23%

Score Distribution

Percentile by Number Answered

Percent of People with Each Score

Your Score History

You have not taken this quiz